Statistics for US States by Less Populous Borders in 30 Seconds

Click here to take the quiz!

General Stats

  • This quiz has been taken 32 times
  • The average score is 33 of 50

Answer Stats

State % Correct
Utah
100%
California
100%
Montana
91%
Missouri
91%
Arizona
91%
Colorado
91%
South Dakota
91%
Oregon
91%
Texas
82%
Tennessee
82%
Pennsylvania
82%
Oklahoma
82%
Nevada
82%
Nebraska
82%
Wyoming
82%
Idaho
82%
Alabama
73%
Virginia
73%
Maryland
73%
Massachusetts
73%
Georgia
73%
Minnesota
73%
Iowa
73%
Ohio
73%
Illinois
73%
New Hampshire
73%
New York
64%
Wisconsin
64%
Kentucky
64%
Kansas
64%
North Carolina
55%
Arkansas
55%
Louisiana
55%
Maine
55%
West Virginia
55%
Florida
55%
Alaska
55%
Hawaii
45%
Michigan
45%
South Carolina
45%
New Jersey
45%
Mississippi
45%
Vermont
45%
Washington
45%
North Dakota
45%
Indiana
45%
Delaware
36%
Connecticut
36%
New Mexico
36%
Rhode Island
27%

Score Distribution

Percentile by Number Answered

Percent of People with Each Score

Your Score History

You have not taken this quiz